Bekar - Alba - Statistiques

Statistiques générales
  • Ce quiz a été pris 100 fois
  • Le résultat moyen est 13 sur 16
Statistiques - réponses
Hint Réponse % Correct
4. Laponie (feat. Gradur)
90%
10. Saisons (feat. Yoa)
90%
16. L'aube
89%
1. L'orchestre
89%
2. L'inconnue
89%
5. Hatem (feat. Georgio)
87%
15. 2k17
85%
3. Quand il neigeait encore
85%
6. 400 pas
84%
14. Bateau ivre
82%
7. Hiver
79%
9. Orangé
74%
12. Tourmente
71%
11. Pas du tout
66%
13. Vont-ils s'entendre ?
65%
8. Au ralenti
53%
Aucun quiz correspondant
Distribution des résultats
% des personnes avec chaque résultat
Percentile par nombre de réponses
Votre historique - résultats
Vous n’avez pas pris ce quiz